000 00409 a2200157 4500
001 49711
020 _a
040 _cAnchieta - Bela Vista
100 _aBrasil. Departamento Nacional de Trânsito
240 1 0 _aUm passeio no passado; onde fica o paraíso?
_lpor
245 1 0 _aUm passeio no passado; onde fica o paraíso?
300 _a31
362 0 _a2008
650 4 _aLiteratura juvenil
942 _cBK
999 _c49711
_d49711